| 000 | 01007nam0a22002651 4500 | ||
|---|---|---|---|
| 001 | rc\2367599 | ||
| 005 | 20110829155615.4 | ||
| 035 | _a(NLR Aleph) 006598647 | ||
| 090 |
_a7223927 _c7223927 |
||
| 100 | _a20110829d1976 |||y0rusy50 ca | ||
| 101 | 0 | _arus | |
| 102 | _aRU | ||
| 105 | _aa z ||||| | ||
| 200 | 1 | _aИнтегральные схемы с эмиттерной связью и их применение в наносекундной ядерной электронике | |
| 210 |
_aДубна _cБ. и. _d1976 |
||
| 215 |
_a41 с. _cил. _d21 |
||
| 225 | 1 |
_aОбъедин. ин-т ядерных исследований. [Издания] _iЛекции для молодых ученых _vВып. 9. 13-9744 |
|
| 320 | _aБиблиогр.: с. 31-41 | ||
| 700 | 1 |
_aБасиладзе _bС. Г. _gСергей Геннадьевич |
|
| 801 | 0 |
_aRU _bNLR _gpsbo |
|
| 801 | 1 |
_aRU _bELAR _2rusmarc |
|
| 852 |
_aNLR _jП11/2061+13-9744 |
||
| 899 |
_aRuMoRGB _jXXV 13-49 |
||
| 942 | _cBOOK | ||
| 980 | _aNB | ||